Quality upgradation of field coagulam using bactericides (Record no. 74523)

MARC details
000 -LEADER
fixed length control field 00376nam a2200133Ia 4500
100 ## - MAIN ENTRY--AUTHOR NAME
Personal name Najma, N.
245 #0 - TITLE STATEMENT
Title Quality upgradation of field coagulam using bactericides
260 ## - PUBLICATION, DISTRIBUTION, ETC. (IMPRINT)
Name of publisher Calicut University
Place of publication Calicut
Year of publication 2002
500 ## - GENERAL NOTE
General note Available in RT
500 ## - GENERAL NOTE
General note Course: M.Sc.
700 ## - ADDED ENTRY--PERSONAL NAME
Personal name Ms Leelamma Varghese
942 ## - ADDED ENTRY ELEMENTS (KOHA)
Koha item type Theses
Holdings
Withdrawn status Lost status Damaged status Not for loan Collection code Home library Current library Shelving location Date acquired Koha item type
      Theses Dissertation RRII Library RRII Library Rubber technology 31/12/2021 Theses